Minecraft Items: Flowers - Statistics

General Stats
  • This quiz has been taken 32 times
    4 since last reset
  • The average score is 24 of 31
Answer Stats
Answer % Correct
Cornflower
100%
Dandelion
100%
Lily of the Valley
100%
Orange Tulip
100%
Oxeye Daisy
100%
Pink Tulip
100%
Poppy
100%
Red Tulip
100%
Rose Bush
100%
White Tulip
100%
Allium
75%
Azure Bluet
75%
Blue Orchid
75%
Cactus Flower
75%
Chorus Flower
75%
Closed Eyeblossom
75%
Lilac
75%
Open Eyeblossom
75%
Peony
75%
Pitcher Plant
75%
Spore Blossom
75%
Sunflower
75%
Torchflower
75%
Wither Rose
75%
Flowering Azalea
50%
Flowering Azalea Leaves
50%
Golden Dandelion
50%
Mangrove Propagule
50%
Pink Petals
50%
Wildflowers
50%
Cherry Leaves
25%
No matching quizzes found
Score Distribution
Percent of People with Each Score
Percentile by Number Answered
Your Score History
You have not taken this quiz since the last reset